MDQL
is popping MORE tags! Check the
thread
!
Quizzes
Events
Quiz Creation
Community
Videos
Private Events
Remove Ads
Sign In
Join for FREE
Feedback
Dark Mode
Quiz Categories
Sports
Geography
Music
Movies
Television
Just For Fun
Miscellaneous
History
Literature
Language
Science
Gaming
Entertainment
Religion
Holiday
For Kids
Quiz Lab
Recent
Popular Today
Quiz Kudos Today
Editor Picks
Curator Picks
Quizzes by...
Day
Popularity
Type
Ratings
Length
Year
Community
Subscriptions
Recent Discussions
Orange Saloon
Badges
Playlists
Quests
Create
Leaderboards
Showdown
Live 5
Trivia Bingo
Activity
Puzzle Library
Sporcle Events
Private Events
Virtual Trivia
Globe League
Become a Host
Pub Owners
SporcleCon
Opinionation
Our Games
Videos
Blog
Mobile Apps
Partnerships
Remove Ads and Go Orange
Feedback
Sports
Athletes
MLB
NBA
NHL
NFL
Soccer
Sports Teams
WWE
NCAA
Football
Premier League
Basketball
Baseball
Hockey
Golf
Tennis
Cricket
Rugby
Auto Racing
Olympics
World Cup
Sports
Athletes
MLB
NBA
NHL
NFL
Soccer
Sports Teams
WWE
NCAA
Football
Premier League
Basketball
Baseball
Hockey
Golf
Tennis
Cricket
Rugby
Auto Racing
Olympics
World Cup
Random Quiz
Search Sporcle
×
Quiz Lab
Quiz Lab
Sports
Quickest
Type in answers that appear in a list
Type in answers that appear in a list
Classic
Best Score? Go Orange.
Quickest 500 Home Runs (At Bats) Stats
Can you name the Quickest 500 Home Run Hitters (At Bats)?
By
paul316
10m
25 Questions
96 Plays
96 Plays
96 Plays
Comments
Comments
Give Quiz Kudos
Give Quiz Kudos
-
- Ratings
hide this ad
Forced Order
Answers have to be entered in order
Answers have to be entered in order
Replay
Link that replays current quiz
Next Quiz
Link to next quiz in quiz playlist
You Got
0%
They Got
Avg Score
74%
Avg Friend Score
Upgrade to see
Score Distribution
Jump to the score distribution portion of the page
Score
0/25
Timer
10:00
0
Plays Today
At Bats
Player
% Correct
5801
Babe Ruth
99%
5487
Mark McGwire
93.8%
8612
Hank Aaron
85.4%
6809
Jim Thome
83.3%
7169
Alex Rodriguez
83.3%
7036
Sammy Sosa
82.3%
7320
Ken Griffey Jr.
82.3%
7533
Willie Mays
81.3%
7502
Barry Bonds
79.2%
7300
Mickey Mantle
76%
7454
Ted Williams
74%
9249
Mel Ott
74%
7084
Jimmie Foxx
72.9%
At Bats
Player
% Correct
7336
Mike Schmidt
72.9%
6671
Harmon Killebrew
70.8%
7662
Frank Thomas
70.8%
7583
Willie McCovey
69.8%
8427
Frank Robinson
67.7%
7264
Manny Ramirez
66.7%
9116
Rafael Palmeiro
66.7%
11095
Eddie Murray
66.7%
9199
Ernie Banks
63.5%
8954
Gary Sheffield
62.5%
8600
Reggie Jackson
59.4%
8280
Eddie Mathews
56.3%
Quiz Playlist
Details
Report
Send in Message
Add To Playlist
Classic:
Type in answers that appear in a list
Forced Order:
Answers have to be entered in order
Last Updated: Feb 16, 2017
Quiz Scoreboard
CHALLENGE
Sign Up to Join the Scoreboard
Show All
Scores
Hide
Comments
May contain spoilers
Recently Published
1-10 Letter E Words III
by El_Dandy
Language
2m
Street Fighter Characters
by Artimus82
Gaming
60s
College Basketball Coaching Resumes
by pancakes188
Sports
9m
More to Explore
Quiz From the Vault
Featured Blog Post
Where Did the Easter Bunny Come From?
hide this ad
You Might Also Like...
Tags
500
At Bats
bat
Hitter
home
Player
Quickest
run
Run Hitters
Today's Top Quizzes in Sports
Browse Sports
hide this ad
Top Contributed Quizzes in Sports
1
2022 World Cup Stars
2
Les meilleurs buteurs des matchs entre le PSG et l’OM
3
FIFA Club World Cup Champions
4
Les entraîneurs de l'OM et du PSG au 21e siècle
5
Criteria MLB: Left Handed Sluggers
6
2023 MLB Unique Player Accomplishments
7
AFC Teams Reveal (Wrong Answers Minefield)
8
Players with Multiple 50 Home Run Seasons
9
5-to-1: FBS Animal Nicknames
10
5-to-1: UK Sports Teams
Explore More
Trending Topics
Harry Potter
Kpop
Crossword
Anime
Disney
Marvel
NBA
Pokémon
Soccer
WWE
NFL
Country
Song
Puzzle
The Office
hide this ad
More By:
paul316
Quiz
Plays
Rating
Category
Featured
Created
NHL 300 Goals Before 30
39,600
4.40
Sports
Jan 28, 2012
WWE/WORLD CHAMPIONSHIP MATCHES IN BIG 4 PPV
3,305
3.36
Sports
Aug 15, 2011
HR leaders by position 2000s
1,139
4.50
Sports
Oct 2, 2011
RBI leaders by position 2000s
958
4.27
Sports
Oct 14, 2011
Fastest 100 players to 100 Home Runs (AT BATS)
549
5.00
Sports
Oct 28, 2012
Go to Creator's Profile
Score Distribution
Quiz Creator Spotlight
paul316
Follow
Send a Message
Quizzes Created
-
Created Quiz Play Count
-
More By This Creator
Popular Quizzes Today
1
Find the US States - No Outlines Minefield
2
Find the Countries of Europe - No Outlines Minefield
3
The Countries of the World
4
Find the US States
5
Risky Map Clicking: Biggest States A-Z
6
US States
7
Popular People in 1961
8
Movies - When Are They Set?
More Sports Quizzes
Seven Stars: Boston Celtics Name Match
Quiz Lab
Trending Quizzes
Risky Map Clicking: Least Populous States A-Z
1-10 Letter G Words
1-10 Letter F Words
Countries of the World: 200 Million BC
Risky Map Clicking: Next State Alphabetically
Recently Updated
Most Oscar Losses (Acting)
pecheneg
Beyoncé Albums
pecheneg
Leaping Animals
pecheneg
Reality TV Shows (A-Z)
bhenderson79
Rickey Henderson's Hall of Fame Teammates
pecheneg
Champions League XIs: Arsenal
pecheneg
Quick Pick: Celebrities in WWE's Hall of Fame
aduchscher
A-Z Keypad Blitz II
pecheneg
Multiple Oscar Actors
pecheneg
Mystery Phrase Blitz: Oscar 'Best Actors'
pecheneg
Trending Topics
Harry Potter
Kpop
Marvel
Crossword
Disney
NBA
Anime
Country
The Office
Soccer
WWE
Puzzle
Song
NFL
Pokémon
Your Account Isn't Verified!
In order to create a playlist on Sporcle, you need to verify the email address you used during registration. Go to your
Sporcle Settings
to finish the process.
Report this User
Report this user for behavior that violates our
Community Guidelines
.
Details:
Send Report
Go to the Sporcle.com Mobile Site →
Comments